[Event "ITA-ch U20"]
[Site "Porto San Giorgio"]
[Date "2004.08.28"]
[Round "9"]
[White "Taglione, Stefano"]
[Black "Angelini, Marco"]
[Result "1/2-1/2"]
[WhiteElo "1700"]
[BlackElo "1682"]
[PlyCount "67"]
[EventDate "2004.08.20"]
[EventType "swiss"]
[EventRounds "9"]
[EventCountry "ITA"]
[SourceTitle "EXT 2005"]
[Source "ChessBase"]
[SourceDate "2004.11.15"]
[SourceVersion "1"]
[SourceVersionDate "2004.11.15"]
[SourceQuality "1"]

1. e4 c5 2. Nf3 d6 3. d4 cxd4 4. Nxd4 Nf6 5. Nc3 a6 6. a3 e6 7. Bc4 Qc7 8. Bb3 Be7 9. 0-0 0-0 10. Be3 Nc6 11. Qd2 Rd8 12. Rad1 Na5 13. Rfe1 Nc4 14. Bxc4 Qxc4 15. Qd3 Qc7 16. Nf3 b5 17. h3 Bb7 18. Bg5 h6 19. Bh4 Rac8 20. Qe3 d5 21. exd5 Nxd5 22. Nxd5 Bxd5 23. Bxe7 Qxe7 24. c3 Qb7 25. h4 Bxf3 26. Qxf3 Qxf3 27. gxf3 Kf8 28. Kg2 Ke7 29. f4 Rxd1 30. Rxd1 Rd8 31. Rxd8 Kxd8 32. Kf3 Kd7 33. Ke4 Kd6 34. Kd4 1/2-1/2

[Event "ITA-ch U20"]
[Site "Porto San Giorgio"]
[Date "2004.08.24"]
[Round "5"]
[White "Taglione, Stefano"]
[Black "Forato, Enrico"]
[Result "0-1"]
[WhiteElo "1700"]
[BlackElo "1739"]
[PlyCount "78"]
[EventDate "2004.08.20"]
[EventType "swiss"]
[EventRounds "9"]
[EventCountry "ITA"]
[SourceTitle "EXT 2005"]
[Source "ChessBase"]
[SourceDate "2004.11.15"]
[SourceVersion "1"]
[SourceVersionDate "2004.11.15"]
[SourceQuality "1"]

1. e4 c5 2. Nf3 e6 3. d4 cxd4 4. Nxd4 Nf6 5. Nc3 d6 6. Bg5 Be7 7. Bc4 a6 8. a3 Nxe4 9. Bxe7 Nxc3 10. Bxd8 Nxd1 11. Rxd1 Kxd8 12. 0-0 d5 13. Nf3 Kc7 14. Bb3 Nc6 15. Rd3 Bd7 16. Rfd1 Rad8 17. Ng5 Be8 18. Rf3 Rd7 19. Rfd3 h6 20. Nf3 f6 21. Nd4 Bf7 22. Nxc6 bxc6 23. Ba4 Rb8 24. b4 e5 25. c4 d4 26. c5 Rbd8 27. Bb3 e4 28. Rg3 Bxb3 29. Rxb3 d3 30. a4 f5 31. g3 g5 32. b5 axb5 33. axb5 cxb5 34. Ra3 Kc6 35. Ra6+ Kxc5 36. Rc1+ Kd4 37. Rac6 f4 38. R6c5 d2 39. gxf4 dxc1Q+ 0-1

[Event "ITA-ch U20"]
[Site "Porto San Giorgio"]
[Date "2004.08.20"]
[Round "1"]
[White "Taglione, Stefano"]
[Black "Bonafede, Alessandro"]
[Result "1/2-1/2"]
[WhiteElo "1700"]
[BlackElo "2107"]
[PlyCount "50"]
[EventDate "2004.08.20"]
[EventType "swiss"]
[EventRounds "9"]
[EventCountry "ITA"]
[SourceTitle "EXT 2005"]
[Source "ChessBase"]
[SourceDate "2004.11.15"]
[SourceVersion "1"]
[SourceVersionDate "2004.11.15"]
[SourceQuality "1"]

1. e4 c5 2. Nf3 Nc6 3. d4 cxd4 4. Nxd4 Nf6 5. Nc3 e5 6. Nf3 Bb4 7. Bg5 Bxc3+ 8. bxc3 Qa5 9. Bd3 Qxc3+ 10. Bd2 Qc5 11. Be3 Qa5+ 12. Bd2 Qc7 13. 0-0 0-0 14. Bg5 d6 15. Bxf6 gxf6 16. h3 Be6 17. Qd2 Kh8 18. Nh4 Rg8 19. Kh1 Qd7 20. Nf5 Bxf5 21. exf5 Nd4 22. Qh6 Qe7 23. Rab1 e4 24. Qe3 Qe5 25. Qxe4 b6 1/2-1/2